[Event "OLNO 2122 TSG Oberschöneweide - SC Emp"]
[Site "?"]
[Date "2021.12.12"]
[Round "3.5"]
[White "Milare, Tyron"]
[Black "Postler, Reinhard"]
[Result "1-0"]
[WhiteElo "2253"]
[BlackElo "2212"]
[PlyCount "63"]
[EventDate "2021.??.??"]

1. d4 d5 2. Nf3 Nf6 3. c4 c6 4. e3 e6 5. Nc3 Nbd7 6. Bd3 Bd6 7. O-O O-O 8. e4
dxc4 9. Bxc4 e5 10. Qe2 exd4 11. Nxd4 Ne5 12. Bb3 Bg4 13. Qc2 Nh5 14. Be3 c5
15. Nf5 Bxf5 16. exf5 Nf3+ 17. gxf3 Qh4 18. Rfd1 Qxh2+ 19. Kf1 Bf4 20. Bxc5
Rae8 21. Ne4 Qh3+ 22. Ke2 Qg2 23. Be6 fxe6 24. Rg1 Qh3 25. Bxf8 exf5 26. Bxg7
Nxg7 27. Qc4+ Kf8 28. Qc5+ Kf7 29. Qd5+ Kf8 30. Rxg7 Kxg7 31. Rg1+ Kh8 32. Qf7
1-0

[Event "OLNO 2122 TSG Oberschöneweide - SC Emp"]
[Site "?"]
[Date "2021.12.12"]
[Round "3.6"]
[White "Boewer, Roland"]
[Black "Jaeger, Uwe"]
[Result "1/2-1/2"]
[WhiteElo "2169"]
[BlackElo "2241"]
[PlyCount "82"]
[EventDate "2021.??.??"]

1. e4 d5 2. Nc3 dxe4 3. Nxe4 Bf5 4. d3 Bxe4 5. dxe4 Qxd1+ 6. Kxd1 Nf6 7. f3
Nbd7 8. c3 e6 9. Kc2 Bc5 10. Nh3 h6 11. Be2 a6 12. Rd1 Rd8 13. b4 Bb6 14. a3 g5
15. c4 c5 16. Rb1 Bc7 17. Bb2 Ke7 18. g3 b6 19. Rd2 Rhg8 20. Nf2 Nb8 21. Nd3
Nfd7 22. b5 a5 23. Rbd1 Nf8 24. Ne5 Ng6 25. Rxd8 Rxd8 26. Rxd8 Bxd8 27. Nxg6+
fxg6 28. Bg7 h5 29. Kd3 Nd7 30. Bc3 Bc7 31. Bd2 Kf6 32. f4 gxf4 33. gxf4 e5 34.
f5 gxf5 35. Bxh5 f4 36. Bg4 Nf8 37. Bf5 Kg7 38. a4 Bd8 39. Be1 Bf6 40. Ke2 Ng6
41. Kf3 Nh4+ 1/2-1/2

[Event "OLNO 2122 TSG Oberschöneweide - SC Emp"]
[Site "?"]
[Date "2021.12.12"]
[Round "3.7"]
[White "Bachmann, Volker"]
[Black "Lange, Cecilia"]
[Result "1-0"]
[WhiteElo "2114"]
[BlackElo "1977"]
[PlyCount "55"]
[EventDate "2021.??.??"]

1. d4 d5 2. c4 c6 3. Nf3 Nf6 4. Nc3 Bf5 5. Qb3 b6 6. cxd5 cxd5 7. Bf4 a6 8. e3
e6 9. Qa4+ Qd7 10. Bb5 axb5 11. Qxa8 Bd6 12. Ne5 Qd8 13. Nc6 Nxc6 14. Qxc6+ Ke7
15. Qxd6+ Qxd6 16. Bxd6+ Kxd6 17. Nxb5+ Kc6 18. a4 Ne8 19. Kd2 f6 20. Rhc1+ Kb7
21. b4 e5 22. a5 bxa5 23. bxa5 Bd7 24. a6+ Ka8 25. a7 Rf8 26. Rc5 Be6 27. Rac1
Kb7 28. Rc8 1-0

[Event "OLNO 2122 TSG Oberschöneweide - SC Emp"]
[Site "?"]
[Date "2021.12.12"]
[Round "3.8"]
[White "Stark, Ingo"]
[Black "Piersig, Hans-Juergen"]
[Result "1-0"]
[WhiteElo "2095"]
[BlackElo "2120"]
[PlyCount "55"]
[EventDate "2021.??.??"]

1. e4 e6 2. d4 d5 3. Nc3 Bb4 4. e5 c5 5. a3 Bxc3+ 6. bxc3 Ne7 7. Qg4 Qc7 8.
Qxg7 Rg8 9. Qxh7 cxd4 10. Ne2 Nbc6 11. f4 Bd7 12. Rb1 dxc3 13. h3 O-O-O 14. Qd3
Nf5 15. g4 Nh4 16. Qg3 Rh8 17. Nxc3 Na5 18. Nb5 Bxb5 19. Bxb5 Nc4 20. O-O Nf5
21. Qd3 Qc5+ 22. Kh2 Nfe3 23. Bxe3 Nxe3 24. Rg1 Rdg8 25. Rg3 d4 26. Qe4 Nxg4+
27. Rxg4 Rxg4 28. Be2 1-0

[Event "OLNO 2122 SV Empor Berlin - Forster SC "]
[Site "?"]
[Date "2021.12.12"]
[Round "3.1"]
[White "Aliavdin, Nikolai"]
[Black "Volke, Karsten"]
[Result "1/2-1/2"]
[WhiteElo "2321"]
[BlackElo "2450"]
[PlyCount "43"]
[EventDate "2021.??.??"]

1. e4 d6 2. d4 Nf6 3. Nc3 g6 4. f4 Bg7 5. Bd3 O-O 6. Nf3 Nc6 7. e5 dxe5 8. dxe5
Nd5 9. Nxd5 Qxd5 10. Qe2 Bg4 11. Be4 Qa5+ 12. Bd2 Qb6 13. O-O-O Nd4 14. Qe3
Rad8 15. Rhe1 f5 16. exf6 Bxf6 17. c3 Nxf3 18. Bxf3 Bxf3 19. Qxf3 Qa6 20. Kb1
Rd3 21. Qf1 Rfd8 22. Bc1 1/2-1/2

[Event "OLNO 2122 SV Empor Berlin - Forster SC "]
[Site "?"]
[Date "2021.12.12"]
[Round "3.2"]
[White "Thinius, Marco"]
[Black "Kleeschaetzky, Rainer"]
[Result "1-0"]
[WhiteElo "2382"]
[BlackElo "2294"]
[PlyCount "101"]
[EventDate "2021.??.??"]

1. c4 c6 2. g3 d5 3. Nf3 Nf6 4. Bg2 dxc4 5. O-O Nbd7 6. Na3 Nb6 7. Qc2 Be6 8.
Ng5 Bg4 9. f3 Bh5 10. Nxc4 Qd4+ 11. Ne3 e6 12. Kh1 Be7 13. d3 Bg6 14. f4 Nfd5
15. Nxd5 Nxd5 16. Nf3 Qb6 17. Ne5 Rd8 18. e4 Nb4 19. Qe2 f6 20. f5 fxe5 21.
fxg6 hxg6 22. a3 Nxd3 23. Be3 Bc5 24. Qg4 Kd7 25. Rf7+ Kc8 26. Qxe6+ Kb8 27.
Bxc5 Qxc5 28. Raf1 g5 29. b4 Qb6 30. Qg6 a5 31. bxa5 Qxa5 32. Rb1 Ka8 33. Qxg7
Rhg8 34. Qf6 Rb8 35. Qf1 Rgd8 36. Bf3 Qc5 37. Be2 Qd4 38. Bxd3 Qxd3 39. Qe1 Qa6
40. Re7 Re8 41. Rbxb7 Rxe7 42. Rxe7 Qxa3 43. Rxe5 c5 44. Rf5 Rb2 45. e5 Qa2 46.
Qe4+ Kb8 47. Rf8+ Kc7 48. Qh7+ Kc6 49. Rc8+ Kd5 50. Qd3+ Kxe5 51. Rxc5+ 1-0

[Event "OLNO 2122 SV Empor Berlin - Forster SC "]
[Site "?"]
[Date "2021.12.12"]
[Round "3.3"]
[White "Dabrowski, Grzegorz"]
[Black "Foerster, Jonas"]
[Result "1-0"]
[WhiteElo "2026"]
[BlackElo "2286"]
[PlyCount "75"]
[EventDate "2021.??.??"]

1. e4 c5 2. Nf3 d6 3. d4 cxd4 4. Nxd4 Nf6 5. Nc3 Nc6 6. Bg5 Bd7 7. Qd2 Rc8 8.
f3 h6 9. Be3 a6 10. O-O-O b5 11. Nxc6 Bxc6 12. Kb1 e6 13. Ne2 Be7 14. Nd4 Bb7
15. g4 Nd7 16. Bd3 Ne5 17. h4 h5 18. Qg2 hxg4 19. f4 Nc4 20. Bf2 Bf6 21. Qxg4
Qc7 22. Rhe1 Nxb2 23. Kxb2 Qc3+ 24. Kb1 Rc5 25. e5 dxe5 26. fxe5 Qb4+ 27. Kc1
Bxe5 28. Rxe5 Rxe5 29. Qxg7 Qa3+ 30. Kb1 Rhh5 31. Qg8+ Qf8 32. Qg3 Bd5 33. Nb3
Bc4 34. Bd4 Rd5 35. Be4 Qd6 36. Qg8+ Ke7 37. Bxd5 Rxd5 38. Bc5 1-0

[Event "OLNO 2122 SV Empor Berlin - Forster SC "]
[Site "?"]
[Date "2021.12.12"]
[Round "3.4"]
[White "Sulayev, Daniel"]
[Black "Preuss, Heiko"]
[Result "1-0"]
[WhiteElo "2200"]
[BlackElo "2227"]
[PlyCount "95"]
[EventDate "2021.??.??"]

1. c4 e5 2. Nc3 c5 3. e3 d6 4. Nge2 Nc6 5. d4 f5 6. dxc5 dxc5 7. Qxd8+ Nxd8 8.
Nd5 Ne6 9. b3 Bd6 10. Bb2 Bd7 11. O-O-O Bc6 12. Nb4 O-O-O 13. Nxc6 bxc6 14. g3
Ne7 15. Bh3 Rhf8 16. f4 exf4 17. Nxf4 Bxf4 18. exf4 Rxd1+ 19. Rxd1 Rd8 20. Re1
Kd7 21. Re5 g6 22. Bg2 Kd6 23. Re2 Nd4 24. Bxd4 cxd4 25. c5+ Kd7 26. Kd2 Rb8
27. Kd3 a5 28. Kxd4 a4 29. Re3 Ng8 30. Kc4 axb3 31. Rxb3 Rxb3 32. axb3 Nf6 33.
Bf3 Kc7 34. b4 Nd7 35. b5 cxb5+ 36. Kxb5 Nf6 37. Kc4 h6 38. Kd4 g5 39. Ke5 Nd7+
40. Kd5 gxf4 41. gxf4 Nf6+ 42. Ke6 Ne4 43. c6 Nd2 44. Bd5 Nf1 45. Kxf5 Nxh2 46.
Kg6 Ng4 47. Bf3 h5 48. Kxh5 1-0

[Event "OLNO 2122 SV Empor Berlin - Forster SC "]
[Site "?"]
[Date "2021.12.12"]
[Round "3.5"]
[White "Stahr, Ralf-Peter"]
[Black "Nitsche-Hahn, Raphael"]
[Result "0-1"]
[WhiteElo "2098"]
[BlackElo "2086"]
[PlyCount "102"]
[EventDate "2021.??.??"]

1. c4 g6 2. Nc3 Bg7 3. d4 c5 4. d5 d6 5. Nf3 a6 6. e4 Bg4 7. Be2 Bxf3 8. Bxf3
Nf6 9. O-O O-O 10. Be2 e6 11. dxe6 fxe6 12. Bg4 Qe7 13. Bg5 Nc6 14. f4 h6 15.
Bh4 g5 16. fxg5 Nxg4 17. Qxg4 Bd4+ 18. Kh1 Ne5 19. Qe2 hxg5 20. Bg3 Rxf1+ 21.
Rxf1 Rf8 22. Rxf8+ Qxf8 23. Nd1 Kg7 24. b3 Kg6 25. h3 b5 26. cxb5 axb5 27. Qxb5
c4 28. Nf2 Bxf2 29. Bxe5 dxe5 30. Qxc4 Qd6 31. Qe2 Qd4 32. Kh2 Be3 33. Qg4 Bf4+
34. g3 Qb2+ 35. Kh1 Qb1+ 36. Kh2 Qxa2+ 37. Kh1 Qb1+ 38. Kh2 Qc2+ 39. Kh1 Qxe4+
40. Kh2 Qc2+ 41. Kh1 Qxb3 42. gxf4 Qb1+ 43. Kh2 Qc2+ 44. Kh1 Qc1+ 45. Kg2 Qd2+
46. Kg1 Qe3+ 47. Kg2 exf4 48. h4 f3+ 49. Kh3 f2+ 50. Kg2 f1=Q+ 51. Kxf1 Qf4+
0-1

[Event "OLNO 2122 SV Empor Berlin - Forster SC "]
[Site "?"]
[Date "2021.12.12"]
[Round "3.6"]
[White "Jahn, Thomas"]
[Black "Szylko, Waldemar"]
[Result "1-0"]
[WhiteElo "2156"]
[BlackElo "1902"]
[PlyCount "29"]
[EventDate "2021.??.??"]

1. e4 c6 2. d4 d5 3. Nd2 dxe4 4. Nxe4 Nf6 5. Bd3 Nbd7 6. Ng5 e6 7. Qe2 Qe7 8.
Ne4 Nxe4 9. Qxe4 Nf6 10. Qh4 e5 11. Bf5 e4 12. Bd2 g6 13. Bxc8 h5 14. Qh3 Rxc8
15. Qxc8+ 1-0

[Event "OLNO 2122 SV Empor Berlin - Forster SC "]
[Site "?"]
[Date "2021.12.12"]
[Round "3.7"]
[White "Zeihser, Michael"]
[Black "Dimitriadis, Pavlos"]
[Result "1/2-1/2"]
[WhiteElo "2157"]
[BlackElo "1982"]
[PlyCount "103"]
[EventDate "2021.??.??"]

1. d4 Nf6 2. c4 g6 3. Nc3 Bg7 4. e4 d6 5. Nf3 O-O 6. Be2 e5 7. dxe5 dxe5 8.
Qxd8 Rxd8 9. Bg5 Re8 10. O-O-O c6 11. Ne1 Na6 12. f3 Be6 13. b3 Nc5 14. Nd3
Nfd7 15. Be3 Nxd3+ 16. Rxd3 Bf8 17. Kb2 a5 18. a4 Nc5 19. Rd2 f5 20. Rhd1 Kf7
21. h3 h5 22. Bg5 f4 23. Rd8 Be7 24. Bxe7 Kxe7 25. Rxa8 Rxa8 26. Na2 Ra6 27.
Nc1 Rb6 28. Kc3 Bc8 29. Bd3 Bd7 30. Bc2 Ra6 31. Nd3 Nxd3 32. Bxd3 c5 33. Be2
Be6 34. Rd2 Kf6 35. Kc2 Rb6 36. Rd3 Kg5 37. Kd2 Kh4 38. Ke1 Kg3 39. Kf1 g5 40.
Kg1 Bf7 41. Bd1 Bxc4 42. bxc4 Rb2 43. Rd5 Rxg2+ 44. Kf1 Kxh3 45. Rxe5 Kh2 46.
Be2 h4 47. Re8 h3 48. Rg8 Rg1+ 49. Kf2 Rg2+ 50. Kf1 Rg1+ 51. Kf2 Rg2+ 52. Kf1
1/2-1/2

[Event "OLNO 2122 SF Berlin III - SG Güstrow-T"]
[Site "?"]
[Date "2022.03.19"]
[Round "3.1"]
[White "Luther, Alexander"]
[Black "Hoffmann, Udo"]
[Result "1-0"]
[WhiteElo "2065"]
[BlackElo "2326"]
[PlyCount "67"]
[EventDate "2022.??.??"]

1. d4 Nf6 2. c4 e6 3. Nc3 c5 4. d5 exd5 5. cxd5 d6 6. e4 g6 7. f4 Bg7 8. Bb5+
Nfd7 9. Be2 O-O 10. Nf3 Re8 11. O-O Na6 12. Bd2 Nc7 13. Be1 b5 14. e5 dxe5 15.
d6 Ne6 16. Bh4 f6 17. fxe5 g5 18. exf6 Bxf6 19. Bg3 a6 20. Nd5 Bb7 21. Nxf6+
Nxf6 22. Ne5 Nd4 23. Bh5 Rf8 24. b4 Qxd6 25. Ng6 Qe6 26. Nxf8 Rxf8 27. bxc5 Rd8
28. Bd6 Qe3+ 29. Kh1 Ne4 30. Bf7+ Kg7 31. Be5+ Kf8 32. Bd5+ Nf2+ 33. Rxf2+ Qxf2
34. Bxd4 1-0

[Event "OLNO 2122 SF Berlin III - SG Güstrow-T"]
[Site "?"]
[Date "2022.03.19"]
[Round "3.2"]
[White "Nogly, Christoph"]
[Black "Seiler, Dirk"]
[Result "1-0"]
[WhiteElo "2245"]
[BlackElo "2125"]
[PlyCount "103"]
[EventDate "2022.??.??"]

1. d4 Nf6 2. c4 c5 3. d5 b5 4. Nf3 d6 5. cxb5 a6 6. b6 g6 7. Nc3 Bg7 8. a4 Qxb6
9. Nd2 O-O 10. e4 a5 11. Bb5 Bd7 12. Nc4 Qd8 13. Qe2 Bxb5 14. Nxb5 Na6 15. Bd2
Nb4 16. Bc3 Nd7 17. O-O Nb6 18. Ne3 Qd7 19. f4 e6 20. f5 exf5 21. Bxg7 Kxg7 22.
exf5 f6 23. Qf3 Rae8 24. Qg3 Rxe3 25. Qxe3 Nc2 26. Qe6 Nxa1 27. Rxa1 Re8 28.
Qxd7+ Nxd7 29. Nxd6 Re5 30. Rd1 Nb6 31. fxg6 hxg6 32. b3 Nxd5 33. Nc4 Rf5 34.
Nxa5 Ne3 35. Rc1 Rd5 36. Nc4 Nxc4 37. bxc4 Rd6 38. a5 Ra6 39. Ra1 f5 40. h4 Kf6
41. Kf2 Ke5 42. Ke3 f4+ 43. Kd3 Kf5 44. Kc3 Ke4 45. Kb3 Kd3 46. Ka4 Kxc4 47.
Rc1+ Kd4 48. Kb5 Ra8 49. Rc4+ Ke3 50. Rxc5 Rb8+ 51. Kc6 Kf2 52. Rg5 1-0

[Event "OLNO 2122 SF Berlin III - SG Güstrow-T"]
[Site "?"]
[Date "2022.03.19"]
[Round "3.3"]
[White "Gebert-Vangeel, Ralf"]
[Black "Noetzel, Felix"]
[Result "1/2-1/2"]
[WhiteElo "2057"]
[BlackElo "2215"]
[PlyCount "85"]
[EventDate "2022.??.??"]

1. e4 c5 2. Nf3 Nc6 3. Bb5 g6 4. O-O Bg7 5. Re1 e5 6. Bxc6 bxc6 7. d3 Ne7 8.
Be3 d6 9. Nbd2 h6 10. h3 f5 11. exf5 Nxf5 12. c3 O-O 13. Qa4 Bd7 14. Rad1 Nxe3
15. Rxe3 Rf4 16. Re4 Rxe4 17. dxe4 Qc7 18. Qc4+ Kh7 19. Nf1 Rf8 20. N1h2 Rf6
21. Qd3 Bc8 22. b3 Bf8 23. c4 Qf7 24. Qe2 Be7 25. Rd3 Qg7 26. Nd2 Rf4 27. g3
Rf8 28. Kg2 Qf7 29. Ndf3 Qe6 30. Ng1 Kg7 31. Rf3 Bb7 32. Rxf8 Bxf8 33. Nhf3 Be7
34. Kh2 Bf6 35. Qe3 Qe7 36. Ne2 d5 37. exd5 cxd5 38. cxd5 Bxd5 39. Nc3 Bc6 40.
Ne4 Bxe4 41. Qxe4 h5 42. Kg2 Qd6 43. Qb7+ 1/2-1/2

[Event "OLNO 2122 SF Berlin III - SG Güstrow-T"]
[Site "?"]
[Date "2022.03.19"]
[Round "3.4"]
[White "Modler, Andreas"]
[Black "Waschk, Armin"]
[Result "1-0"]
[WhiteElo "2215"]
[BlackElo "2158"]
[PlyCount "139"]
[EventDate "2022.??.??"]

1. c4 e6 2. Nc3 d5 3. d4 Nf6 4. cxd5 exd5 5. Bg5 c6 6. e3 h6 7. Bh4 Be7 8. Bd3
O-O 9. Nge2 Re8 10. Qc2 b6 11. f3 c5 12. O-O Nc6 13. a3 Be6 14. Rad1 Qd7 15.
dxc5 bxc5 16. Na4 c4 17. Bxc4 Ne5 18. Bd3 Nfg4 19. fxg4 Bxh4 20. Nc5 Qe7 21. h3
Rac8 22. b4 Bxg4 23. hxg4 Nxg4 24. e4 Qe5 25. Rf4 Ne3 26. Qd2 Nxd1 27. Qxd1 Qe7
28. exd5 Qe3+ 29. Kh1 Be7 30. Ne4 Rcd8 31. Rf3 Qb6 32. N2c3 Bd6 33. Qf1 Re7 34.
Qf2 Be5 35. Qxb6 axb6 36. Bb5 g6 37. g4 h5 38. gxh5 f5 39. Ng3 Bxc3 40. Rxc3 f4
41. Nf1 g5 42. Nh2 Kg7 43. Bc6 Kf6 44. Kg2 Re2+ 45. Kg1 Rb2 46. h6 Kf5 47. h7
Rb1+ 48. Nf1 Rd1 49. Rh3 Rh8 50. Bd7+ Kg6 51. Be6 Kg7 52. Bg8 Rxg8 53. hxg8=Q+
Kxg8 54. Rh6 Rxd5 55. Rxb6 Kf7 56. a4 Rd1 57. a5 g4 58. Kf2 Ra1 59. Rd6 Ra2+
60. Rd2 Ra4 61. Rd4 Ra2+ 62. Kg1 Kf6 63. Rxf4+ Kg5 64. Rf8 Ra4 65. Rb8 Kf4 66.
Rb6 Ra2 67. a6 Ke5 68. b5 Kd5 69. Rb7 Kc5 70. a7 1-0

[Event "OLNO 2122 SF Berlin III - SG Güstrow-T"]
[Site "?"]
[Date "2022.03.19"]
[Round "3.5"]
[White "Dettmann, Gerd"]
[Black "Van Hasselt, Frank"]
[Result "0-1"]
[WhiteElo "2111"]
[BlackElo "2226"]
[PlyCount "66"]
[EventDate "2022.??.??"]

1. e4 c6 2. d4 d5 3. Nc3 dxe4 4. Nxe4 Bf5 5. Ng3 Bg6 6. Nf3 Nd7 7. h4 h6 8. h5
Bh7 9. Bd3 Bxd3 10. Qxd3 e6 11. Bf4 Qa5+ 12. Bd2 Bb4 13. c3 Be7 14. c4 Qc7 15.
O-O-O Ngf6 16. Kb1 O-O 17. Bc3 b5 18. Ne5 Rfd8 19. Qf3 Rac8 20. Ne4 bxc4 21.
Nxc4 Nxe4 22. Ba5 Nb6 23. Qxe4 Rd5 24. Rh3 c5 25. b3 cxd4 26. Bxb6 axb6 27. a4
b5 28. axb5 Rxb5 29. Kc2 Qa5 30. Rb1 Qa2+ 31. Kc1 Rxc4+ 32. bxc4 Rxb1+ 33. Qxb1
Bg5+ 0-1

[Event "OLNO 2122 SF Berlin III - SG Güstrow-T"]
[Site "?"]
[Date "2022.03.19"]
[Round "3.6"]
[White "Weber, Daniel"]
[Black "Dettmann, Holger"]
[Result "1/2-1/2"]
[WhiteElo "2120"]
[BlackElo "2024"]
[PlyCount "98"]
[EventDate "2022.??.??"]

1. d4 Nf6 2. c4 e6 3. g3 Be7 4. Bg2 O-O 5. e4 d6 6. Nc3 Nbd7 7. f4 e5 8. Nf3
exf4 9. gxf4 Nb6 10. Qd3 Ng4 11. Ng5 f5 12. h3 Bxg5 13. fxg5 Nf2 14. Qe2 Nxh1
15. Bxh1 f4 16. h4 c5 17. dxc5 dxc5 18. Bd2 Qd7 19. O-O-O Qh3 20. Bf3 Qxh4 21.
Rg1 Bd7 22. b3 Rae8 23. Nd1 Re5 24. Bc3 Rxg5 25. Rh1 Bh3 26. Be1 Qh6 27. Nf2
Rg3 28. Nd3 Rxf3 29. Qxf3 Bg4 30. Qxg4 Qxh1 31. Qe6+ Kh8 32. Qe7 Rg8 33. Kc2
Qg2+ 34. Bd2 h6 35. Nxf4 Qg5 36. Qxb7 Kh7 37. Qxa7 Nc8 38. Qc7 Qe7 39. Qc6 Nd6
40. Nd5 Qxe4+ 41. Kc1 Qe6 42. Qxc5 Rc8 43. Qa5 Ne4 44. Be3 Nf6 45. Nxf6+ Qxf6
46. Bd2 Rf8 47. c5 Qc6 48. Qc3 Rc8 49. b4 Kh8 1/2-1/2

[Event "OLNO 2122 SF Berlin III - SG Güstrow-T"]
[Site "?"]
[Date "2022.03.19"]
[Round "3.7"]
[White "Scharf, Christian"]
[Black "Lindhauer, Thorben"]
[Result "0-1"]
[WhiteElo "1254"]
[BlackElo "1955"]
[PlyCount "62"]
[EventDate "2022.??.??"]

1. e4 c6 2. d4 d5 3. exd5 cxd5 4. Bd3 Nc6 5. c3 Qc7 6. h3 e6 7. Nf3 Bd6 8. O-O
Nf6 9. Na3 a6 10. Nc2 h6 11. Re1 O-O 12. Bd2 Bd7 13. Qe2 Bf4 14. Ne5 Bxd2 15.
Qxd2 Ne7 16. g4 Bb5 17. Qf4 Bxd3 18. Nxd3 Qxf4 19. Nxf4 g5 20. Nd3 Ng6 21. f3
Kg7 22. Kf2 Rh8 23. Ne3 h5 24. Rh1 Rh7 25. gxh5 Nxh5 26. Ng2 Rah8 27. Nc5 Nhf4
28. Nxf4 Nxf4 29. Kg3 Rxh3+ 30. Rxh3 Rxh3+ 31. Kg4 Kg6 0-1

[Event "OLNO 2122 SF Berlin III - SG Güstrow-T"]
[Site "?"]
[Date "2022.03.19"]
[Round "3.8"]
[White "Skogvall, Martina"]
[Black "Schott, Andy"]
[Result "1/2-1/2"]
[WhiteElo "2004"]
[BlackElo "1602"]
[PlyCount "47"]
[EventDate "2022.??.??"]

1. e4 c5 2. Nc3 d6 3. Nf3 Nf6 4. d4 cxd4 5. Nxd4 a6 6. g3 b5 7. Bg2 Bb7 8. O-O
e6 9. Bg5 Be7 10. Qe2 b4 11. Nd1 Nc6 12. Nxc6 Bxc6 13. c4 Qc7 14. b3 O-O 15.
Rc1 Qb7 16. Re1 h6 17. Bd2 a5 18. f3 a4 19. Nf2 axb3 20. axb3 Nd7 21. Nd3 Nc5
22. Nxc5 dxc5 23. Ra1 Ra3 24. Rab1 1/2-1/2

[Event "OLNO 2122 SV Glückauf Rüdersdorf - SK"]
[Site "?"]
[Date "2022.03.19"]
[Round "3.1"]
[White "Rietze, Clemens"]
[Black "Kanarek, Marcel"]
[Result "0-1"]
[WhiteElo "2279"]
[BlackElo "2484"]
[PlyCount "92"]
[EventDate "2022.??.??"]

1. d4 Nf6 2. c4 g6 3. Nc3 Bg7 4. e4 d6 5. f3 O-O 6. Be3 c5 7. Nge2 Nc6 8. d5
Na5 9. b3 e6 10. Rc1 exd5 11. cxd5 a6 12. Ng3 b5 13. Be2 Re8 14. O-O Bb7 15.
Bd2 Nd7 16. Bd3 c4 17. bxc4 Ne5 18. Be3 Naxc4 19. Bxc4 bxc4 20. Qa4 Bc8 21. Rb1
Bd7 22. Qa3 Nd3 23. Nge2 Bb5 24. Nc1 Qf6 25. Nxd3 Qxc3 26. Qxc3 Bxc3 27. Rfc1
Bg7 28. Nf2 c3 29. Rb4 Rab8 30. Ba7 Rb7 31. a4 Rxa7 32. axb5 axb5 33. Nd3 Rb8
34. Rc2 Ra4 35. Rb3 f5 36. exf5 gxf5 37. Kf2 Bd4+ 38. Kg3 Kf7 39. Nb4 Rg8+ 40.
Kh3 Bc5 41. Nd3 b4 42. g4 fxg4+ 43. fxg4 Re8 44. Kh4 Re3 45. Rf2+ Ke7 46. Nf4
c2 0-1

[Event "OLNO 2122 SV Glückauf Rüdersdorf - SK"]
[Site "?"]
[Date "2022.03.19"]
[Round "3.3"]
[White "Dimitrijeski, Kristian"]
[Black "Sieciechowicz, Marcin"]
[Result "1/2-1/2"]
[WhiteElo "2137"]
[BlackElo "2389"]
[PlyCount "91"]
[EventDate "2022.??.??"]

1. Nf3 Nf6 2. d4 g6 3. c4 Bg7 4. Nc3 O-O 5. e4 d6 6. Be2 e5 7. dxe5 dxe5 8.
Qxd8 Rxd8 9. Bg5 c6 10. Nxe5 Re8 11. O-O-O Na6 12. Nf3 Nc5 13. Nd2 h6 14. Be3
Ncxe4 15. Ncxe4 Nxe4 16. Nxe4 Rxe4 17. Rd8+ Kh7 18. Rhd1 Bf6 19. R8d2 Be6 20.
b3 a5 21. a4 Bg5 22. Bxg5 hxg5 23. Bf3 Re5 24. Re2 Rxe2 25. Bxe2 Kg7 26. h3 Kf6
27. Kb2 Re8 28. Bf3 Rh8 29. Kc3 Ke5 30. Rd2 Rh4 31. Rd8 f5 32. Ra8 g4 33. Rxa5+
Kf6 34. hxg4 fxg4 35. Be2 Rh2 36. Bf1 Rh1 37. Bd3 Rg1 38. g3 Rg2 39. Ra7 Bc8
40. Ra8 Bf5 41. Rf8+ Kg5 42. Bxf5 gxf5 43. Rg8+ Kf6 44. Rf8+ Kg6 45. Rg8+ Kf6
46. Rf8+ 1/2-1/2

[Event "OLNO 2122 SV Glückauf Rüdersdorf - SK"]
[Site "?"]
[Date "2022.03.19"]
[Round "3.4"]
[White "Steczek, Marcin"]
[Black "Jahnz, Fabian"]
[Result "1/2-1/2"]
[WhiteElo "2357"]
[BlackElo "2245"]
[PlyCount "118"]
[EventDate "2022.??.??"]

1. c4 e5 2. Nc3 Nf6 3. Nf3 Nc6 4. g3 Bc5 5. Bg2 O-O 6. O-O a5 7. d3 d6 8. Bg5
h6 9. Bxf6 Qxf6 10. Nd2 Qd8 11. Nde4 Ba7 12. Nb5 Bb8 13. d4 exd4 14. Nxd4 Nxd4
15. Qxd4 Be6 16. b3 Ba7 17. Qd2 Qe7 18. e3 Rfd8 19. Nc3 c6 20. Rfd1 Bb6 21. Qb2
f5 22. Ne2 Bf7 23. Nd4 Qf6 24. Qc2 g6 25. Rab1 d5 26. c5 Bc7 27. h4 Be6 28. Bh3
Rf8 29. Nxe6 Qxe6 30. Rd4 g5 31. Rbd1 Qf6 32. Qe2 Qg6 33. Qd3 Kg7 34. Ra4 Rae8
35. b4 Re4 36. hxg5 hxg5 37. Bg2 Rc4 38. a3 Qf6 39. Bf1 f4 40. exf4 gxf4 41.
Qf3 Rc3 42. Qg4+ Qg6 43. Qxg6+ Kxg6 44. bxa5 Rxc5 45. gxf4 Rxa5 46. Rb4 b6 47.
Bd3+ Kf6 48. f5 Rg8+ 49. Kf1 Rxa3 50. Rh4 Rc3 51. Rh6+ Ke5 52. Re6+ Kf4 53. f6
Rf8 54. Bg6 Be5 55. f7 Bg7 56. Kg2 Kg5 57. Rh1 Bf6 58. Re8 Bg7 59. Re6 Bf6
1/2-1/2

[Event "OLNO 2122 SV Glückauf Rüdersdorf - SK"]
[Site "?"]
[Date "2022.03.19"]
[Round "3.5"]
[White "Wierzbicki, Jirawat"]
[Black "Szadkowski, Kamil"]
[Result "0-1"]
[WhiteElo "2158"]
[BlackElo "2325"]
[PlyCount "58"]
[EventDate "2022.??.??"]

1. e4 c5 2. Nf3 d6 3. Bb5+ Nd7 4. Ba4 a6 5. c3 b5 6. Bc2 c4 7. b3 Bb7 8. Qe2
Qc7 9. O-O Ngf6 10. d4 cxd3 11. Bxd3 g6 12. Bb2 Bg7 13. c4 Nc5 14. cxb5 Nxd3
15. Qxd3 Bxe4 16. Qe2 O-O 17. Nc3 Bxf3 18. Qxf3 axb5 19. Nxb5 Qc2 20. Bxf6 Bxf6
21. Rab1 Rxa2 22. Nxd6 Bd4 23. Ne4 Rb8 24. Qf4 Rb5 25. Rbc1 Qe2 26. Nc3 Bxc3
27. Rxc3 Rf5 28. Qh6 Ra8 29. Rh3 Qxf2+ 0-1

[Event "OLNO 2122 SV Glückauf Rüdersdorf - SK"]
[Site "?"]
[Date "2022.03.19"]
[Round "3.6"]
[White "Janaszak, Dawid"]
[Black "Acikel, Mert"]
[Result "1-0"]
[WhiteElo "2333"]
[BlackElo "2177"]
[PlyCount "69"]
[EventDate "2022.??.??"]

1. e4 e5 2. Nf3 Nc6 3. d4 exd4 4. Nxd4 Bc5 5. Nb3 Bb6 6. Nc3 Nf6 7. Bg5 h6 8.
Bh4 a5 9. a4 O-O 10. Bd3 Re8 11. O-O Nb4 12. Kh1 g5 13. Bg3 d5 14. exd5 Nbxd5
15. Nxd5 Qxd5 16. c4 Qd8 17. Qc2 Nh5 18. c5 Ba7 19. Rad1 Qe7 20. Qc3 Be6 21.
Rde1 Qd7 22. Bb5 c6 23. Rd1 Qc8 24. Bc4 Bb8 25. Nxa5 Bc7 26. Bxc7 Qxc7 27. b4
Nf4 28. Rd6 Qc8 29. Bxe6 Rxe6 30. Nc4 Rxd6 31. cxd6 Rxa4 32. Re1 Ra2 33. Qd4
Qg4 34. Re8+ Kh7 35. Rh8+ 1-0

[Event "OLNO 2122 SV Glückauf Rüdersdorf - SK"]
[Site "?"]
[Date "2022.03.19"]
[Round "3.7"]
[White "Niehaus, Frank"]
[Black "Dudzinski, Piotr"]
[Result "1/2-1/2"]
[WhiteElo "2076"]
[BlackElo "2320"]
[PlyCount "29"]
[EventDate "2022.??.??"]

1. e4 e5 2. f4 exf4 3. Nf3 Nc6 4. d4 d5 5. exd5 Qxd5 6. Be2 Bg4 7. c3 Nf6 8.
O-O Qd7 9. Bxf4 Bd6 10. Bxd6 Qxd6 11. Nbd2 O-O 12. Nc4 Qd5 13. Nce5 Nxe5 14.
Nxe5 Bxe2 15. Qxe2 1/2-1/2

[Event "OLNO 2122 SV Glückauf Rüdersdorf - SK"]
[Site "?"]
[Date "2022.03.19"]
[Round "3.8"]
[White "Sroczynski, Maciej"]
[Black "Von Herman, Brigitte"]
[Result "1/2-1/2"]
[WhiteElo "2273"]
[BlackElo "1921"]
[PlyCount "118"]
[EventDate "2022.??.??"]

1. d4 d5 2. Nf3 Nc6 3. Bf4 Bf5 4. c4 e6 5. Nc3 Bd6 6. Bg3 Bxg3 7. hxg3 Nge7 8.
e3 a6 9. Be2 h6 10. a3 Bh7 11. b4 dxc4 12. Bxc4 Nd5 13. Ne2 O-O 14. Bd3 Nf6 15.
Bxh7+ Nxh7 16. O-O Nf6 17. Nf4 Re8 18. Nd3 Rb8 19. Qc2 Ne7 20. Rfd1 c6 21. Nc5
Nd7 22. Rd3 Qc7 23. e4 Nxc5 24. dxc5 Rbd8 25. Rad1 Ng6 26. Rd6 Nf8 27. Ne5 f6
28. Nc4 e5 29. Qd3 Rb8 30. Nb6 Qf7 31. Nd7 Nxd7 32. Rxd7 Re7 33. Rd6 Rbe8 34.
a4 Rc8 35. Qc2 Qe8 36. R1d2 Qf7 37. Qd3 Rce8 38. Qc2 Rc8 39. Qd1 Rce8 40. Qg4
Rf8 41. Rd7 Rfe8 42. Rxe7 Rxe7 43. Rd8+ Re8 44. Rd6 Re7 45. Qc8+ Kh7 46. Rd8 g6
47. Rf8 Qg7 48. g4 Rc7 49. Qe8 Re7 50. Qb8 Rf7 51. Rc8 Rd7 52. g3 Re7 53. Kg2
Rd7 54. Rf8 Rf7 55. Re8 Re7 56. Rc8 Rd7 57. Kh3 Re7 58. Kh2 Rd7 59. Kg2 Re7
1/2-1/2

[Event "OLNO 2122 Greifswalder SV - SC Kreuzber"]
[Site "?"]
[Date "2022.03.19"]
[Round "3.1"]
[White "Glantz, Robert"]
[Black "Fromm, Marius"]
[Result "1/2-1/2"]
[WhiteElo "2318"]
[BlackElo "2334"]
[PlyCount "100"]
[EventDate "2022.??.??"]

1. d4 d5 2. Bf4 c5 3. e3 cxd4 4. exd4 Nc6 5. c3 Bf5 6. Nd2 e6 7. Ngf3 Bd6 8.
Bxd6 Qxd6 9. Bb5 Nge7 10. Nh4 Bg6 11. O-O a6 12. Be2 Rc8 13. Nxg6 hxg6 14. g3
Na5 15. Qa4+ Nac6 16. Nf3 Nf5 17. Bd3 Qd7 18. Qd1 Nd6 19. Rc1 b5 20. Ng5 Ne7
21. Qg4 Ndf5 22. Rc2 Kf8 23. Re1 Rc6 24. Qf3 Rh5 25. h4 Qd6 26. Re5 Rh6 27. a3
Rb6 28. Kf1 a5 29. g4 Qd8 30. gxf5 gxf5 31. Qg3 Kg8 32. f4 Ng6 33. Re3 Rxh4 34.
Rf3 Qf6 35. b4 axb4 36. axb4 Ra6 37. Nh3 Rg4 38. Qf2 Qd8 39. Bxb5 Ra3 40. Be2
Qc7 41. Rc1 Ra2 42. Qe3 Rh4 43. Rf2 Rb2 44. Ra1 Qc8 45. Rf3 Qb8 46. b5 Nxf4 47.
Rxf4 Rxh3 48. Qxh3 Qxf4+ 49. Kg1 Qb8 50. Bf1 g5 1/2-1/2